LEADER 01360nam a2200301 i 4500 001 000000252405 003 CaOOAMICUS 005 20161230000000.0 008 161230s2016 it u000 u ita u 013 $a231310 020 $a978-88-311-0192-9 040 $aSeMil$bita 100 1 $aPolanyi, Michael <1891-1976>.$0(OLS)http://semarc/name/28070 245 10$aRicerche per una logica dell'ermeneutica /$cHans Lipps ; introduzione e traduzione a cura di Erika D'Alberto. 260 $aRoma :$bCittà Nuova,$c2016. 300 $a228 p. ;$c21 cm. 490 0 $aIdee. Filosofia. Nuova serie ;$v168 650 4$aEpistemologia filosofica.$0(OLS)http://semarc/subject/1833 650 4$aLinguaggio - Filosofia.$0(OLS)http://semarc/subject/1247 700 1 $aVinti, Carlo <1947- >.$0(OLS)http://semarc/name/12856 700 1 $aProsch, Harry.$0(OLS)http://semarc/name/94004 830 0$aIdee. Filosofia. Nuova serie ;$v168.$0(OLS)http://semarc/title/5903 850 $aSeMil 852 $aSeMil$W1$xVenegono$y1$m2Q II 403$j202751$B202751$CSeMilBibl$Z2$F215495 $81 961 $aSottoscrizione: Città Nuova (Agente) 996 $6020$a978-88-311-0192-9$9(OLS)http://semarc/number/274740 996 $6245$aRicerche per una logica dell'ermeneutica$9(OLS)http://semarc/title/351737 996 $6260$aRoma :$bCittà Nuova$9(OLS)http://semarc/publisher/29609 LEADER 00880nam a2200217 i 4500 001 000000070132 003 CaOOAMICUS 005 20171003000000.0 008 171003s1829 it u000 u ita u 013 $a41304 040 $aSeMil$bita 245 10$aPratica o sia Nuova invenzione di conteggiare .. 260 $aMantova :$bDalla Tipografia Virgiliana di L. Caranenti,$c1829. 300 $a1 v. (paginazione varia) ;$c12°. 650 4$aAritmetica - Opere anteriori al 1900.$0(OLS)http://semarc/subject/4038 850 $aSeMil 852 $aSeMil$W1$xVenegono$y1$m3W I 3 FA$j36285$B36285$CSeMilBibl$Z2$F36288 $8I 941 1 $a10 961 $aRecupero: Mantegazza 996 $6245$aPratica o sia Nuova invenzione di conteggiare ..$9(OLS)http://semarc/title/402735 996 $6260$aMantova :$bDalla Tipografia Virgiliana di L. Caranenti$9(OLS)http://semarc/publisher/56296